Online
Catalog

Un ensayo de pensamiento social postcomunista / (Record no. 13960)

MARC details
000 -CABECERA
campo de control de longitud fija 01015cam a2200325 a 4500
001 - NÚMERO DE CONTROL
campo de control 000014368
003 - IDENTIFICADOR DEL NÚMERO DE CONTROL
campo de control DO-SdBNP
005 - FECHA Y HORA DE LA ÚLTIMA TRANSACCIÓN
campo de control 20260415174538.0
008 - DATOS DE LONGITUD FIJA--INFORMACIÓN GENERAL
campo de control de longitud fija 870929s1965 sp 000 0 spa
035 ## - NÚMERO DE CONTROL DEL SISTEMA
Número de control de sistema (DLC) 67047310
035 ## - NÚMERO DE CONTROL DEL SISTEMA
Número de control de sistema (OCoLC)16781648
040 ## - FUENTE DE LA CATALOGACIÓN
Centro catalogador/agencia de origen DO-SdBNP
Centro/agencia transcriptor MU
Centro/agencia modificador DLC
-- BNPHU
042 ## - CÓDIGO DE AUTENTICACIÓN
Código de autenticación premarc
049 ## - FONDOS LOCALES (OCLC)
Fondos de biblioteca BNGR
082 ## - NÚMERO DE LA CLASIFICACIÓN DECIMAL DEWEY
Número de clasificación 361.1
Número de documento/Ítem C657e
100 1# - ENTRADA PRINCIPAL--NOMBRE DE PERSONA
Nombre de persona Cobo Suero, J. M.,
Fechas asociadas al nombre 1937-2006
Títulos y otros términos asociados al nombre Sacerdote Jesuita
9 (RLIN) 32445
245 13 - MENCIÓN DE TÍTULO
Título Un ensayo de pensamiento social postcomunista /
Mención de responsabilidad, etc. Juan Manuel Cobo Suero.
260 ## - PUBLICACIÓN, DISTRIBUCIÓN, ETC.
Lugar de publicación, distribución, etc. Madrid :
Nombre del editor, distribuidor, etc. Razón y Fe,
Fecha de publicación, distribución, etc. 1965.
300 ## - DESCRIPCIÓN FÍSICA
Extensión 161 p. ;
Dimensiones 19 cm.
490 1# - MENCIÓN DE SERIE
Mención de serie Biblioteca "Razón y fe" de cuestiones actuales
Designación de volumen o secuencia 59
650 ## - PUNTO DE ACCESO ADICIONAL DE MATERIA--TÉRMINO DE MATERIA
Término de materia o nombre geográfico como elemento de entrada Problemas sociales
9 (RLIN) 9290
650 #0 - PUNTO DE ACCESO ADICIONAL DE MATERIA--TÉRMINO DE MATERIA
Término de materia o nombre geográfico como elemento de entrada Política social
9 (RLIN) 85378
650 #4 - PUNTO DE ACCESO ADICIONAL DE MATERIA--TÉRMINO DE MATERIA
Término de materia o nombre geográfico como elemento de entrada Utopías
9 (RLIN) 5129
650 #0 - PUNTO DE ACCESO ADICIONAL DE MATERIA--TÉRMINO DE MATERIA
Término de materia o nombre geográfico como elemento de entrada Socialismo
9 (RLIN) 287
650 #0 - PUNTO DE ACCESO ADICIONAL DE MATERIA--TÉRMINO DE MATERIA
Término de materia o nombre geográfico como elemento de entrada Capitalismo
9 (RLIN) 280
650 #0 - PUNTO DE ACCESO ADICIONAL DE MATERIA--TÉRMINO DE MATERIA
Término de materia o nombre geográfico como elemento de entrada
9 (RLIN) 12155
830 #0 - PUNTO DE ACCESO ADICIONAL DE SERIE-TÍTULO UNIFORME
Título uniforme Biblioteca "Razón y fe" de cuestiones actuales ;
Designación de volumen o secuencia 59
9 (RLIN) 32446
910 ## - DATOS DE OPCIÓN DEL USUARIO (OCLC)
Datos de opción del usuario Catalogación por copia/LC
942 ## - ELEMENTOS DE PUNTO DE ACCESO ADICIONAL (KOHA)
Fuente del sistema de clasificación o colocación Dewey Decimal Classification
Tipo de ítem Koha Libro
Holdings
Estado de retiro Estado de pérdida Restricciones de uso No para préstamo Código de colección Localización permanente Ubicación/localización actual Ubicación en estantería Fecha de adquisición Número de inventario Total de préstamos Signatura topográfica completa Código de barras Fecha visto por última vez Precio válido a partir de Tipo de ítem Koha
    Préstamo interno   Monografías: Libros y Folletos General General En catalogación 10.12.2009 LF1   361.1 C657e 14368-10 25.06.2020 25.06.2020 Préstamo interno

Powered by Koha